1341 1444 1540 1777 1578 1062 1096 1730 1166 1371 1793 1787 1256 1902 1697 1207 1112 1936 1204 1044 1939 1694 1317 1056 1362 1190 1938 1929 1774 1086 1065 1509 1945 1830 1157 1931 1981 1130 1049 1781 1615 1566 1949 1746 1324 1193 1125 1567 1146 1218 1271 1399 1774 1550 1717 1233 1303 1884 1293 1975 1461 1006 1871 1656 1971 1321 1022 1494 1250 1619 1375 1299 1652 1930 1813 1562 1072 1860 1140 1961 1390 1353 1003 1209 1892 1220 1681 1946 1703 1277 1780 1790 1406 1796 1165 1658 1039 1968 1859 BCNSPRNW ULIB Ver.6.0+V

เปลี่ยนเป็นภาษาไทย

Change to English
 แสดงรายละเอียดบรรณานุกรม
  กลับหน้าหลัก

Brief Record : Get Marc (ISO 2709) : E-mail record : QR code < ปิดหน้าต่าง
LEADER : 00000nam 2200000uu 4500
001    13399121802
003     ULIB
008    121207s2549||||th 000 0 tha d
020    ^a9748815196
060 04 ^aWE250^bจ154ร 2549
245 00 ^aโรคงวงช้าง =^bFrontoethmoidal encephalomeningocele /^cบรรณาธิการ, จรัญ มหาทุมะรัตน์, นนท์ โรจน์วชิรนนท์
246 31 ^aFrontoethmoidal encephalomeningocele
250    ^aพิมพ์ครั้งที่ 1
260    ^aกรุงเทพฯ :^bหน่วยศัลยศาสตร์ตกแต่งและเสริมสร้างภาควิชาศัลยศาสตร์ คณะแพทยศาสตร์ จุฬาลงกรณ์มหาวิทยาลัย,^c2549
300    ^a198 หน้า :^bภาพประกอบ ;^c27 ซม.
650  7 ^aจมูก, โรค
650  7 ^aจมูกผิดปกติ
650  7 ^aสมอง, โรค
700 0  ^aจรัญ มหาทุมะรัตน์,^eบรรณาธิการ
700 0  ^aนนท์ โรจน์วชิรนนท์,^eบรรณาธิการ
710 2  ^aจุฬาลงกรณ์มหาวิทยาลัย. ^bภาควิชาศัลยศาสตร์.^bหน่วยศัลยศาสตร์ตกแต่งและเสริมสร้าง
945    ^p0^l0^i24829
945    ^p0^l0^i24830
995    ^aกัณชพร
999 ^a ใช้งานได้ทุกระบบ
รายการนี้ยังไม่มีแท็ก
คุณยังไม่ได้ล็อกอิน คุณสามารถมีกิจกรรมร่วมกับเว็บไซต์ได้ แต่ต้องล็อกอินก่อน ::
  ล็อกอิน

รายการสื่อสารสนเทศ

ลำดับที่ ประเภท เลขเรียก/บาร์โค้ด สถานที่ สถานะ
1. วิทยาศาสตร์การแพทย์ และสุขภาพ
วิทยาศาสตร์การแพทย์ และสุขภาพ
WE250 จ154ร 2549  
  Barcode: 24829
ห้องสมุดวิทยาเขตสวรรค์ประชารักษ์
►หนังสือทั่วไป
บนชั้น
2. วิทยาศาสตร์การแพทย์ และสุขภาพ
วิทยาศาสตร์การแพทย์ และสุขภาพ
WE250 จ154ร 2549 ฉ.2 
  Barcode: 24830
ห้องสมุดวิทยาเขตสวรรค์ประชารักษ์
►หนังสือทั่วไป
บนชั้น

รายการใกล้เคียง
    หัวเรื่อง [จมูก, โรค]
    หัวเรื่อง [สมอง, โรค]

BibComment


ยังไม่เคยถูกคอมเมนท์

คอมเมนท์ทรัพยากรรายการนี้
  คอมเมนท์: โรคงวงช้าง Fron..


 Copyright 2026. Bcnsprnw @Library